| 000 | 00702cam a22002294a 4500 | ||
|---|---|---|---|
| 001 | 12332903 | ||
| 005 | 20251122152016.0 | ||
| 008 | 010302s2002 njuab 001 0 eng | ||
| 020 |
_a0130928720 _qalk. paper |
||
| 020 |
_a9780130928726 _q(alk. paper) |
||
| 050 | 0 | 0 |
_aTH7687 _b.P446 2002 |
| 082 | 0 | 0 |
_a697.9/3 _221 |
| 100 | 1 | _aPita, Edward G. | |
| 245 | 1 | 0 |
_aAir conditioning principles and systems / _cEdward G. Pita. |
| 250 | _a4th ed. | ||
| 260 |
_aUpper Saddle River, N.J. : _bPrentice Hall, _cc2002. |
||
| 300 |
_axv, 524 p. : _bill., maps ; _c25 cm. |
||
| 500 | _aIncludes index. | ||
| 650 | 0 | _aAir conditioning. | |
| 650 | 0 |
_aBuildings _xEnergy conservation. |
|
| 942 |
_2lcc _cBK _e4th ed. _n0 |
||
| 999 |
_c8341 _d8341 |
||